=LDR 00000nam 2200000 4500 =001 INLIS000000000041380 =005 20130612150922 =008 ***********************************ind** =035 ##$$0010-061300000041380 =041 ##$$a ind =082 ##$$a 351.013 531 =090 ##$$a 351.013 531, Pew p =245 ##$$a Pewarta Kementrian luar negeri tahun xxxix no 129 januari-juni 2011 =260 ##$$a 2011 $b Jakarta =300 ##$$a 202 hlm, 23 cm =650 ##$$a Kementrian Luar Negeri-Kumpulan Pidato =850 ##$$a NNT-CD